| 000 | 00907 a2200253 4500 | ||
|---|---|---|---|
| 003 | OSt | ||
| 005 | 20180116192339.0 | ||
| 008 | 120525t xxu||||| |||| 00| 0 eng d | ||
| 020 | _a4763680935 (paperback) | ||
| 020 | _a9784763680938 (paperback) | ||
| 040 | _c0 | ||
| 082 | _a745.2 | ||
| 100 | 1 |
_aEditorial, C Itoh Trading. _92173 |
|
| 245 | 1 | 0 |
_aPaisley and sarasa / _cC Itoh Trading Editorial. |
| 260 |
_aSanjo agaru : _bKyoto Shoin International, _c1992. |
||
| 300 |
_a80 p. : _bill., _c24 cm. |
||
| 490 | 1 | _aWorld textile collections, no 3. | |
| 650 | 0 |
_aPaisley design _xThemes, motives _92174 |
|
| 650 | 0 |
_aTextile design _xThemes, motives _92175 |
|
| 830 | 0 |
_aWorld textile collections, no 3. _92176 |
|
| 856 | 4 | 0 |
_3Amazon.com _uhttp://www.amazon.com/exec/obidos/ASIN/4763680935/chopaconline-20 |
| 942 |
_aSADA _cBK _k745.2 PAI 1992 _2ddc |
||
| 999 |
_c352580 _d352580 |
||